History Quiz

Random History or Country Quiz

World Leaders Quiz Stats

 Plays Quiz not verified by Sporcle

Score 0/36 Timer 10:00
0 Plays Today
Country Leader % Correct
UKGordon Brown
84.5%
CubaRaul Castro
81.5%
RussiaVladimir Putin
80.4%
GermanyAngela Merkel
78.9%
ChinaHu Jintao
77.7%
FranceNicolas Sarkozy
77%
RussiaDmitry Medvedev
74.3%
VenezuelaHugo Chavez
71.3%
North KoreaKim Jong-il
67.2%
AfghanistanHamid Karzai
64.2%
ItalySilvio Berlusconi
62.6%
IranMahmoud Ahmadinejad
62.6%
CanadaStephen Harper
61.9%
IsraelBenjamin Netanyahu
57.4%
Saudia ArabiaAbdullah
54.7%
IndiaManmohan Singh
54.3%
MexicoFelipe Calderon
52.1%
BrazilLuiz Inacio Lula da Silva
52.1%
Country Leader % Correct
LibyaMuammar Gaddafi
50.9%
Palestinian AuthorityMahmoud Abbas
50.9%
AustraliaKevin Rudd
49.8%
South AfricaJacob Zuma
42.6%
EgyptHosni Mubarak
42.3%
IranAli Khamenei
38.5%
IraqNouri al Maliki
36.6%
SudanOmar Bashir
35.1%
SyriaBashar al Assad
32.8%
ColombiaAlvaro Uribe
30.9%
ChinaWen Jiabao
30.2%
JapanYukio Hatoyama
27.5%
PakistanAsif Ali Zardari
27.2%
JordanAbdullah II
26%
UkraineViktor Yushchenko
23%
ParaguayFernando Lugo
14.7%
Palestinian AuthorityIsmail Haniyeh
11.7%
LebanonFouad Siniora
10.6%

You're not logged in!

Compare scores with friends on all Sporcle quizzes.
OR
Log In

You Might Also Like...

Show Comments

Extras

Created Sep 24, 2009ReportNominate
Tags:Country Quiz, World Quiz

Top Quizzes Today


Score Distribution

Your Account Isn't Verified!

In order to create a playlist on Sporcle, you need to verify the email address you used during registration. Go to your Sporcle Settings to finish the process.

Report this User

Report this user for behavior that violates our Community Guidelines.

Details: